[Event "5. Griesheimer Schachtage 2009"]
[Site "Griesheim"]
[Date "2009.05.17"]
[Round "4.19"]
[White "Sarkoezy, Benjamin"]
[Black "Hummel, Dennis"]
[Result "1/2-1/2"]
[WhiteElo "1820"]
[BlackElo "2003"]
[PlyCount "38"]

1. d4 Nf6 2. Nf3 e6 3. Bg5 Be7 4. e3 b6 5. Nbd2 d5 6. Bd3
O-O 7. O-O Nbd7 8. c3 Bb7 9. Bxf6 Nxf6 10. Ne5 c5 11. f4 Ne4 12. Rf3 f6 13. Ng4
Qe8 14. Rh3 Bd6 15. Nf2 f5 16. Nf3 Rc8 17. Ne5 cxd4 18. exd4 Rc7 19. Qe2 Rf6
1/2-1/2

[Event "5. Griesheimer Schachtage 2009"]
[Site "Griesheim"]
[Date "2009.05.17"]
[Round "4.20"]
[White "Gutacker, Stephan"]
[Black "Hahn, Florian"]
[Result "1/2-1/2"]
[WhiteElo "1985"]
[BlackElo "1688"]
[PlyCount "40"]

1. e4 c5 2. d4 cxd4 3. c3 Nf6 4. e5 Nd5 5. Nf3 e6 6. cxd4 d6 7. Bc4 Nb6 8. Bb3
dxe5 9. Nxe5 Nc6 10. Nxc6 bxc6 11. O-O Bd6 12. Qg4 Qf6 13. Nc3 Qg6 14. Qe2 O-O
15. Bc2 f5 16. f4 Bb7 17. Bb3 Nd5 18. Nxd5 exd5 19. Qf2 Rfe8 20. Bd2 Ba6
1/2-1/2

[Event "5. Griesheimer Schachtage 2009"]
[Site "Griesheim"]
[Date "2009.05.17"]
[Round "4.21"]
[White "Dankesreiter, Arne"]
[Black "Josic, Ivica"]
[Result "1-0"]
[WhiteElo "2017"]
[BlackElo "1633"]
[PlyCount "79"]

1. c4 g6 2. Nc3 Bg7 3. g3 e6 4. Bg2 c6 5. e4 Ne7 6. d4 d5 7. cxd5 cxd5 8. e5
Nbc6 9. Nge2 Nf5 10. O-O Qb6 11. Be3 Nxe3 12. fxe3 Nxe5 13. dxe5 Qxe3+ 14. Kh1
Qxe5 15. Qa4+ Bd7 16. Qb4 Bc6 17. Rae1 Bf8 18. Qa5 b6 19. Qa6 Bb4 20. Nf4 Qd4
21. Nxe6 fxe6 22. Rxe6+ Kd7 23. Rxc6 Kxc6 24. Qb5+ Kd6 25. Rd1 Qxd1+ 26. Nxd1
Bc5 27. Qd3 Rad8 28. Qxd5+ Ke7 29. Qe5+ Kd7 30. Nc3 Rhe8 31. Bh3+ Kc6 32. Qf6+
Rd6 33. Qf3+ Kc7 34. Nb5+ Kb8 35. Nxd6 Re1+ 36. Bf1 Bxd6 37. Kg2 Bc5 38. Ba6
Re7 39. Qf4+ Rc7 40. Qe5 1-0

[Event "5. Griesheimer Schachtage 2009"]
[Site "Griesheim"]
[Date "2009.05.17"]
[Round "4.22"]
[White "Farmani Anosheh, Yasha"]
[Black "Heilmann, Michael"]
[Result "0-1"]
[WhiteElo "1995"]
[BlackElo "1288"]
[PlyCount "100"]

1. e4 e6 2. d4 d5 3. e5 c5 4. c3 Nc6 5. Nf3 Qb6 6. Bd3 Be7 7. O-O Bd7 8. dxc5
Bxc5 9. b4 Be7 10. a4 Qc7 11. Re1 a6 12. Nbd2 f6 13. exf6 Bxf6 14. Qb3 Ne5 15.
Be2 Ne7 16. Nd4 O-O 17. N2f3 Nxf3+ 18. Bxf3 Bxd4 19. cxd4 Rac8 20. Bg5 Ng6 21.
Rac1 Qd6 22. h3 h6 23. Bd2 Rxc1 24. Rxc1 Bc6 25. b5 axb5 26. axb5 Be8 27. Bb4
Qf4 28. Qc2 Nh4 29. Bxf8 Nxf3+ 30. gxf3 Qg5+ 31. Kf1 Bxb5+ 32. Ke1 Qg1+ 33. Kd2
Qxf2+ 34. Kc3 Qxc2+ 35. Rxc2 Kxf8 36. Kb4 Bc4 37. Kc5 b5 38. Kd6 Kf7 39. h4 Kf6
40. f4 b4 41. Kc5 b3 42. Rg2 g6 43. Kd6 Bd3 44. Rb2 Bc2 45. Kd7 Kf5 46. Kd6
Kxf4 47. Kxe6 Ke4 48. h5 gxh5 49. Kd6 h4 50. Kc5 h3 0-1

[Event "5. Griesheimer Schachtage 2009"]
[Site "Griesheim"]
[Date "2009.05.17"]
[Round "4.23"]
[White "Kalmbach, Rainer"]
[Black "Tierling, Detlef"]
[Result "0-1"]
[WhiteElo "1689"]
[BlackElo "1992"]
[PlyCount "40"]

1. e4 e6 2. d4 d5 3. Nc3 Bb4 4. e5 c5 5. a3 Bxc3+ 6. bxc3 Qc7 7. f4 Ne7 8. Ne2
b6 9. Qd2 h5 10. a4 h4 11. Ba3 Nf5 12. a5 Ba6 13. Rg1 Nd7 14. g4 hxg3 15. Nxg3
Nxg3 16. Rxg3 Bxf1 17. Kxf1 g6 18. c4 cxd4 19. Bd6 Qxc4+ 20. Qd3 Rxh2 0-1

[Event "5. Griesheimer Schachtage 2009"]
[Site "Griesheim"]
[Date "2009.05.17"]
[Round "4.24"]
[White "Wolk, Christine"]
[Black "Neuner, Johannes"]
[Result "1/2-1/2"]
[WhiteElo "1687"]
[BlackElo "1871"]
[PlyCount "161"]

1. e4 c5 2. Nf3 Nc6 3. d4 cxd4 4. Nxd4 Nf6 5. Nc3 e5 6. Ndb5 d6 7. Bg5 a6 8.
Na3 b5 9. Nd5 Be7 10. Bxf6 Bxf6 11. g3 O-O 12. Bg2 Bg5 13. O-O Ra7 14. c3 f5
15. exf5 Bxf5 16. Nc2 Ne7 17. a4 Qd7 18. Nxe7+ Bxe7 19. Ne3 bxa4 20. Rxa4 Bd3
21. Qb3+ Kh8 22. Rfa1 Bg5 23. Nd1 Qf5 24. Qd5 Bc2 25. Be4 Bxe4 26. Qxe4 Qxe4
27. Rxe4 Bd8 28. Rea4 a5 29. b4 Bb6 30. bxa5 Bc5 31. a6 d5 32. Ra5 Rc8 33. Rb1
h6 34. Rb7 Raa8 35. a7 d4 36. Kf1 dxc3 37. Nxc3 Bxa7 38. Raxa7 Rxa7 39. Rxa7
Rxc3 40. Ra5 e4 41. Re5 Rc4 42. h4 Kg8 43. Ke2 Kf7 44. Ke3 Kf6 45. Rxe4 Rc3+
46. Ke2 Ra3 47. f3 Rb3 48. Rd4 Ra3 49. Rd3 Ra2+ 50. Ke3 Rg2 51. Kf4 Ra2 52. Rd4
Ra6 53. g4 Ra5 54. Ke4 Re5+ 55. Kf4 Ra5 56. Rd6+ Kf7 57. g5 Ra4+ 58. Kg3 hxg5
59. hxg5 Ra3 60. g6+ Ke7 61. Rb6 Ra1 62. Kg4 Rg1+ 63. Kf5 Rd1 64. Rb7+ Kf8 65.
Rb8+ Ke7 66. Rg8 Rd5+ 67. Ke4 Rd6 68. Rxg7+ Kf8 69. Rf7+ Kg8 70. Kf5 Rd5+ 71.
Kg4 Rd1 72. f4 Rg1+ 73. Kf5 Ra1 74. Re7 Kf8 75. g7+ Kg8 76. Kf6 Ra6+ 77. Kg5
Rg6+ 78. Kf5 Rg1 79. Ke6 Rg6+ 80. Kf5 Rg1 81. Ke6 1/2-1/2

[Event "5. Griesheimer Schachtage 2009"]
[Site "Griesheim"]
[Date "2009.05.17"]
[Round "4.25"]
[White "Simak, Jaroslav"]
[Black "Bauer, Bjoern-Benny"]
[Result "1-0"]
[WhiteElo "1728"]
[BlackElo "1525"]
[PlyCount "51"]

1. e4 c5 2. d4 e6 3. d5 d6 4. c4 exd5 5. cxd5 Nf6 6. Nc3
Be7 7. f4 Nbd7 8. Nf3 Qc7 9. Bd3 O-O 10. O-O c4 11. Bc2 a6 12. a4 Qc5+ 13. Kh1
Ng4 14. Qe2 Ndf6 15. e5 Nh5 16. Qe1 Qc7 17. h3 Nh6 18. g4 Nxg4 19. hxg4 Bxg4
20. Nd4 Qd8 21. Rg1 Bd7 22. Qe2 dxe5 23. Qxh5 g6 24. fxe5 Bc5 25. Ne4 Kh8 26.
Qh6 1-0

[Event "5. Griesheimer Schachtage 2009"]
[Site "Griesheim"]
[Date "2009.05.17"]
[Round "4.26"]
[White "Henkelmann, Frank"]
[Black "Opasiak, Dustin Tennessee"]
[Result "1/2-1/2"]
[WhiteElo "1176"]
[BlackElo "1721"]
[PlyCount "73"]

1. e4 e6 2. d4 d5 3. exd5 exd5 4. Bf4 Nf6 5. Bd3 Bd6 6. Ne2 O-O 7. Nbc3 Bg4 8.
Qd2 c6 9. f3 Be6 10. O-O-O Qc7 11. Rde1 Nbd7 12. Bxd6 Qxd6 13. g4 c5 14. Nb5
Qb6 15. dxc5 Nxc5 16. Ned4 a6 17. Nc3 Nxd3+ 18. Qxd3 Nd7 19. Na4 Qd6 20. Re2 b5
21. Nc3 Ne5 22. Rxe5 Qxe5 23. Nc6 Qg5+ 24. Kb1 Rac8 25. h4 Qf6 26. g5 Bf5 27.
gxf6 Bxd3 28. Ne7+ Kh8 29. cxd3 Rcd8 30. fxg7+ Kxg7 31. Rg1+ Kf6 32. Nexd5+ Ke5
33. Re1+ Kd4 34. Kc2 Rxd5 35. Nxd5 Kxd5 36. Re7 a5 37. Ra7 1/2-1/2

[Event "5. Griesheimer Schachtage 2009"]
[Site "Griesheim"]
[Date "2009.05.17"]
[Round "4.27"]
[White "Riedel, Matthias"]
[Black "Barisch, Florian"]
[Result "0-1"]
[WhiteElo "1087"]
[BlackElo "1697"]
[PlyCount "108"]

1. e4 c5 2. Nf3 Nc6 3. d4 cxd4 4. Nxd4 Nf6 5. Nc3 d6 6. Bc4 e6 7. Bg5 Be7 8.
O-O O-O 9. Qe2 Nxd4 10. Qd3 Nc6 11. Rfe1 a6 12. b3 b5 13. Nxb5 axb5 14. Bxb5
Ne5 15. Qc3 Qb6 16. Qb4 Rb8 17. a4 Nfg4 18. Bxe7 Nxf2 19. Kf1 Nfg4 20. Qd2
Nxh2+ 21. Ke2 Bb7 22. Kd1 Rfc8 23. Kc1 Nhg4 24. Qxd6 Qf2 25. Re2 Qf4+ 26. Qd2
Qxd2+ 27. Kxd2 Rc7 28. Bb4 Rd8+ 29. Ke1 Rcc8 30. Rd1 Rxd1+ 31. Kxd1 Nf6 32. Bd3
Nxd3 33. cxd3 Ba6 34. Kd2 Rb8 35. Kc3 Bxd3 36. Kxd3 Rxb4 37. Kc3 Rb8 38. b4 Kf8
39. e5 Nd5+ 40. Kd3 Nf4+ 41. Kc4 Nxe2 42. b5 Ke7 43. Kc5 Nc3 44. Kb4 Nxb5 45.
axb5 Kd7 46. Kc5 Kc7 47. g3 g5 48. g4 h5 49. gxh5 g4 50. Kd4 g3 51. Ke3 Rxb5
52. h6 Rxe5+ 53. Kf3 Rh5 54. Kxg3 Rxh6 0-1

[Event "5. Griesheimer Schachtage 2009"]
[Site "Griesheim"]
[Date "2009.05.17"]
[Round "4.28"]
[White "Adamczyk, Matthias"]
[Black "Heilmann, Jean-Michel"]
[Result "1-0"]
[WhiteElo "1770"]
[BlackElo "1151"]
[PlyCount "61"]

1. e4 e6 2. d4 d5 3. Nc3 Bb4 4. e5 c5 5. a3 Bxc3+ 6. bxc3 Qc7 7. Bd3 c4 8. Be2
Ne7 9. Nf3 Nbc6 10. O-O O-O 11. a4 Bd7 12. Ba3 Rfe8 13. Qd2 Ng6 14. h4 h6 15.
Bd6 Qd8 16. g3 Nce7 17. h5 Nc8 18. hxg6 Nxd6 19. exd6 fxg6 20. Ne5 Bc6 21. Nxg6
Qxd6 22. Bh5 Red8 23. Rfe1 Be8 24. Qe2 Kh7 25. Ne5 Bxh5 26. Qxh5 Rf8 27. Rab1
b6 28. Qg6+ Kg8 29. Ng4 Kh8 30. Rxe6 Qd8 31. Nxh6 1-0

[Event "5. Griesheimer Schachtage 2009"]
[Site "Griesheim"]
[Date "2009.05.17"]
[Round "4.29"]
[White "Tran, My Linh"]
[Black "Struwecker, Sigurd"]
[Result "1-0"]
[WhiteElo "1813"]
[BlackElo "1058"]
[PlyCount "99"]

1. e4 d5 2. exd5 Qxd5 3. Nc3 Qa5 4. d4 Nf6 5. Bd2 c6 6. Nf3 Bg4 7. Bc4 e6 8. h3
Bf5 9. Nh4 Bg6 10. Nxg6 hxg6 11. Qe2 Be7 12. d5 cxd5 13. Nxd5 Qd8 14. Nxe7 Qxe7
15. O-O-O Nc6 16. Kb1 O-O-O 17. Bb5 Nd4 18. Qc4+ Qc7 19. Qxc7+ Kxc7 20. Bf4+
Kc8 21. Bc4 Nf5 22. Bd3 Rd7 23. Rd2 Rhd8 24. Rhd1 Rd5 25. Bg5 R8d7 26. Kc1 Nd6
27. Be3 a6 28. f3 Nf5 29. Bg5 Nh7 30. Bf4 Nf6 31. Bc4 Rxd2 32. Rxd2 Rxd2 33.
Kxd2 Kd7 34. Be5 Kc6 35. Bd3 Kd5 36. Bxf6 gxf6 37. Be4+ Ke5 38. Bxb7 a5 39. Kd3
Kf4 40. g4 Ne7 41. c4 Kg3 42. c5 Kxh3 43. c6 Nd5 44. Kc4 f5 45. gxf5 gxf5 46.
Kc5 Kg3 47. Kd6 f4 48. c7 Nxc7 49. Kxc7 e5 50. Kd6 1-0

[Event "5. Griesheimer Schachtage 2009"]
[Site "Griesheim"]
[Date "2009.05.17"]
[Round "4.30"]
[White "Kuenitz, Klaus"]
[Black "Iwanziw, Niklas"]
[Result "0-1"]
[WhiteElo "1699"]
[BlackElo "1866"]
[PlyCount "20"]

1. d4 Nf6 2. c4 c5 3. Nf3 cxd4 4. Nxd4 e6 5. Nc3 Nc6 6. e4 Bb4 7. Bg5 Qa5 8.
Bxf6 Bxc3+ 9. bxc3 Qxc3+ 10. Ke2 Qxc4+ 0-1

[Event "5. Griesheimer Schachtage 2009"]
[Site "Griesheim"]
[Date "2009.05.17"]
[Round "4.31"]
[White "Ovsepyan, Arshak"]
[Black "Krischak, Werner"]
[Result "1/2-1/2"]
[WhiteElo "1863"]
[BlackElo "1619"]
[PlyCount "86"]

1. e4 c6 2. d4 d5 3. e5 Bf5 4. Nf3 e6 5. h3 c5 6. Bd3 Bxd3 7. Qxd3 Nc6 8. dxc5
Bxc5 9. O-O Nge7 10. b3 Qc7 11. Bb2 Ng6 12. Re1 O-O-O 13. Qe2 h5 14. a3 Kb8 15.
b4 Be7 16. Nbd2 h4 17. Nb3 Rh5 18. Rad1 Bg5 19. Nbd4 Bf4 20. Nxc6+ Qxc6 21. Bd4
Rc8 22. c3 Qc4 23. Qxc4 Rxc4 24. Re2 Rh8 25. Nd2 Bxd2 26. Rdxd2 Ne7 27. Rc2
Rhc8 28. Rb2 Nf5 29. Red2 b5 30. Rb3 Nxd4 31. cxd4 Rc1+ 32. Kh2 R8c3 33. Rd3
R3c2 34. Rf3 Rc7 35. g3 hxg3+ 36. Kxg3 Kc8 37. Kh4 Kd8 38. Kh5 Ke8 39. Rg3 Kf8
40. Kg5 R7c2 41. Rbf3 Rf1 42. Rg2 Rd1 43. Rg4 Rc7 1/2-1/2

[Event "5. Griesheimer Schachtage 2009"]
[Site "Griesheim"]
[Date "2009.05.17"]
[Round "5.1"]
[White "Steinkohl, Thomas"]
[Black "Barthel, Ansgar"]
[Result "1/2-1/2"]
[WhiteElo "2246"]
[BlackElo "2258"]
[PlyCount "29"]

1. d4 Nf6 2. c4 g6 3. Nc3 Bg7 4. e4 d6 5. Nf3 O-O 6. Be2
Na6 7. O-O e5 8. Re1 c6 9. Bf1 exd4 10. Nxd4 Ng4 11. h3 Qb6 12. hxg4 Qxd4 13.
Qf3 Qf6 14. Rd1 Rd8 15. Qxf6 1/2-1/2

[Event "5. Griesheimer Schachtage 2009"]
[Site "Griesheim"]
[Date "2009.05.17"]
[Round "5.2"]
[White "Grabarczyk, Bogdan"]
[Black "Prudlo, Simon"]
[Result "1-0"]
[WhiteElo "2450"]
[BlackElo "2238"]
[PlyCount "59"]

1. e4 e6 2. d4 d5 3. Nc3 Nf6 4. e5 Nfd7 5. Nf3 c5 6. dxc5 Nc6 7. Bf4 Be7 8. a3 Nxc5 9. b4 Ne4 10. Nxe4 dxe4 11. Qxd8+ Bxd8 12. Nd2 Bc7 13. Nxe4 Bxe5 14. Bxe5 Nxe5 15. f4 Ng4 16. Be2 Ne3 
17. Kf2 Nxc2 18. Rac1 Nd4 19. Rhd1 e5 20. fxe5 Nxe2 21. Nd6+ Ke7 22. Rc7+ Kd8 23. Rxf7 Be6 24. Nxb7+ Ke8 25. Nd6+ Kd8 26. Kxe2 Bg4+ 27. Ke1 Bxd1 1-0

[Event "5. Griesheimer Schachtage 2009"]
[Site "Griesheim"]
[Date "2009.05.17"]
[Round "5.3"]
[White "Gramlich, Sebastian"]
[Black "Farmani Anosheh, Armin"]
[Result "1-0"]
[WhiteElo "2225"]
[BlackElo "2136"]
[PlyCount "81"]

1. d4 Nf6 2. Bg5 c5 3. Bxf6 gxf6 4. d5 f5 5. e3 Bg7 6. c3 d6 7. Ne2 Nd7 8. Nf4
Nf6 9. Nd2 Bd7 10. a4 O-O 11. Bc4 a6 12. a5 Bb5 13. Qc2 Qd7 14. Bb3 Qc8 15. c4
Bd7 16. O-O e5 17. Ne2 Qd8 18. Ng3 Ne4 19. Ndxe4 fxe4 20. Qxe4 f5 21. Qd3 Qh4
22. f4 Rf6 23. fxe5 Rh6 24. e6 Qxh2+ 25. Kf2 Rg6 26. Ne2 Rxg2+ 27. Ke1 Be8 28.
Kd2 Bh5 29. Rae1 Qe5 30. Bc2 Qxb2 31. Qb3 Bxe2 32. Rxe2 Bc3+ 33. Kd3 Rxe2 34.
Qxb2 Rxe3+ 35. Kxe3 Bxb2 36. Rxf5 Rf8 37. Rg5+ Kh8 38. Rh5 Bc1+ 39. Ke2 h6 40.
Ba4 Bg5 41. Rxg5 1-0

[Event "5. Griesheimer Schachtage 2009"]
[Site "Griesheim"]
[Date "2009.05.17"]
[Round "5.4"]
[White "Bahlke, Wolfgang"]
[Black "Zuyev, Igor"]
[Result "0-1"]
[WhiteElo "2125"]
[BlackElo "2308"]
[PlyCount "90"]

1. c4 c5 2. g3 Nf6 3. Bg2 d5 4. cxd5 Nxd5 5. Nc3 Nxc3 6. bxc3 e5 7. d3 Bd6 8.
Nf3 Nc6 9. O-O O-O 10. e4 Bg4 11. h3 Be6 12. Be3 f6 13. Qe2 Qd7 14. Kh2 Rad8
15. Rfd1 b5 16. d4 Bc4 17. Qb2 exd4 18. cxd4 cxd4 19. Bxd4 Nxd4 20. Rxd4 a6 21.
Rad1 Qe7 22. Qc2 Ba3 23. Rxd8 Rxd8 24. Nd4 Qf8 25. Bf3 Qf7 26. Nb3 Rxd1 27.
Qxd1 Qe6 28. Qd8+ Bf8 29. Qa8 Qd6 30. Bg4 Qa3 31. Qc8 Qxa2 32. Be6+ Bxe6 33.
Qxe6+ Kh8 34. Qf7 Qxf2+ 35. Kh1 Qe1+ 36. Kh2 Qb4 37. Nd4 Qe7 38. Qd5 Qc5 39.
Qa8 Kg8 40. Nf5 b4 41. Qe8 b3 42. Qe6+ Kh8 43. Qxb3 Qf2+ 44. Kh1 Qe1+ 45. Kh2
Qe2+ 0-1

[Event "5. Griesheimer Schachtage 2009"]
[Site "Griesheim"]
[Date "2009.05.17"]
[Round "5.5"]
[White "Dietz, Holger"]
[Black "Nies, Peter"]
[Result "1-0"]
[WhiteElo "2293"]
[BlackElo "2089"]
[PlyCount "113"]

1. e4 e6 2. d4 d5 3. Nc3 Nf6 4. Bg5 Be7 5. e5 Nfd7 6. Bxe7 Qxe7 7. f4 a6 8. Qd2
c5 9. Nce2 cxd4 10. Nxd4 Nc6 11. Ngf3 f6 12. exf6 Qxf6 13. O-O-O O-O 14. g3 Nc5
15. Qe3 Nxd4 16. Qxd4 Ne4 17. Bg2 b5 18. Ne5 Nd6 19. Rhe1 Nc4 20. Nxc4 bxc4 21.
Qxf6 gxf6 22. Rxd5 Bb7 23. Rd2 Bxg2 24. Rxg2 Kf7 25. Rd2 Rad8 26. Re4 Rxd2 27.
Kxd2 Rd8+ 28. Kc3 Rd1 29. Re2 Rb1 30. b4 cxb3 31. axb3 Ke7 32. Rd2 h5 33. Kd4
Kd6 34. Ke4+ Kc5 35. Kf3 a5 36. h3 Rh1 37. Rd8 Rh2 38. Rh8 Kd4 39. Rc8 e5 40.
Rc4+ Kd5 41. fxe5 fxe5 42. h4 a4 43. Rxa4 Rxc2 44. Re4 Rc3+ 45. Re3 Rc2 46.
Rd3+ Ke6 47. g4 hxg4+ 48. Kxg4 e4 49. Rd8 Ke5 50. Re8+ Kd4 51. h5 Rh2 52. b4 e3
53. b5 Rg2+ 54. Kf3 Rh2 55. b6 Rxh5 56. Rd8+ Kc3 57. b7 1-0

[Event "5. Griesheimer Schachtage 2009"]
[Site "Griesheim"]
[Date "2009.05.17"]
[Round "5.6"]
[White "Pelt, Alexander"]
[Black "Diaz, Joaquin"]
[Result "1/2-1/2"]
[WhiteElo "2099"]
[BlackElo "2162"]
[PlyCount "29"]

1. d4 d5 2. Nf3 Nf6 3. e3 c6 4. Bd3 Bg4 5. Nbd2 Nbd7 6. h3 Bh5 7. c4 e6 8. Qc2
Bd6 9. b3 O-O 10. Bb2 Bg6 11. O-O c5 12. Bxg6 hxg6 13. e4 cxd4 14. Nxd4 Rc8 15.
exd5 1/2-1/2

[Event "5. Griesheimer Schachtage 2009"]
[Site "Griesheim"]
[Date "2009.05.17"]
[Round "5.7"]
[White "Hahn, Werner"]
[Black "Werner, Bernd-Michael"]
[Result "1-0"]
[WhiteElo "2159"]
[BlackElo "2123"]
[PlyCount "89"]

1. d4 Nf6 2. c4 g6 3. Nc3 Bg7 4. e4 d6 5. Nf3 O-O 6. Be2 e5 7. O-O Nc6 8. d5
Ne7 9. Nd2 Ne8 10. b4 f5 11. c5 a5 12. Ba3 Nf6 13. f3 f4 14. bxa5 Ne8 15. Nc4
g5 16. Qb3 Kh8 17. Nb5 dxc5 18. Bxc5 Ra6 19. Qb2 c6 20. dxc6 Rxc6 21. Qb4 Rf7
22. Rad1 Bd7 23. Nb6 Nc8 24. Bc4 Nxb6 25. Bxb6 Rxb6 26. axb6 Qxb6+ 27. Kh1 Bf8
28. Qb3 Rg7 29. Nc3 Qa7 30. Bb5 Nf6 31. Bxd7 Nxd7 32. Qb5 b6 33. Na4 h5 34. Rb1
g4 35. Nxb6 gxf3 36. Rxf3 Qxa2 37. Rb2 Qe6 38. Nxd7 Rxd7 39. Rd3 Rc7 40. Rd1 h4
41. Qd5 Qg4 42. Qxe5+ Bg7 43. Rd8+ Kh7 44. Qxc7 h3 45. Rd7 1-0

[Event "5. Griesheimer Schachtage 2009"]
[Site "Griesheim"]
[Date "2009.05.17"]
[Round "5.8"]
[White "Will, Dominik"]
[Black "Hirth, Ulrich"]
[Result "1/2-1/2"]
[WhiteElo "1790"]
[BlackElo "2153"]
[PlyCount "98"]

1. e4 e6 2. d4 d5 3. Nc3 Bb4 4. e5 Ne7 5. a3 Bxc3+ 6. bxc3 c5 7. Qg4 Nf5 8. Nf3
c4 9. Be2 Bd7 10. Rb1 b6 11. Bd2 Ba4 12. Rb2 Qe7 13. Ra2 Nc6 14. Bg5 Qf8 15.
Qh5 h6 16. Bd2 g6 17. Qg4 b5 18. h4 h5 19. Qf4 a5 20. O-O Kd7 21. Rb1 Qe7 22.
Qh2 Rhb8 23. Rba1 Ra7 24. Qf4 Rba8 25. Rb1 Qd8 26. g3 Qb6 27. Bf1 Ra6 28. Bh3
b4 29. Bxf5 b3 30. Bxe6+ fxe6 31. Qf7+ Ne7 32. cxb3 cxb3 33. Rab2 Qd8 34. Bg5
Rb6 35. Nd2 Rab8 36. Rc1 Qf8 37. Qxf8 Rxf8 38. Bxe7 Kxe7 39. Kg2 Rfb8 40. Rcb1
Rc8 41. Rc1 Rbc6 42. Nb1 Rc4 43. Rd1 Kd7 44. Rd3 Ke7 45. Rf3 Rb8 46. Re3 Bc6
47. Nd2 Ra4 48. Nb1 Be8 49. f3 Bb5 1/2-1/2

[Event "5. Griesheimer Schachtage 2009"]
[Site "Griesheim"]
[Date "2009.05.17"]
[Round "5.9"]
[White "Busch, Lorenz"]
[Black "Diehm, Alexander"]
[Result "0-1"]
[WhiteElo "2158"]
[BlackElo "2067"]
[PlyCount "94"]

1. e4 c5 2. c3 Nf6 3. e5 Nd5 4. d4 cxd4 5. Nf3 e6 6. Bc4 dxc3 7. Bxd5 cxb2 8.
Bxb2 Qa5+ 9. Nc3 Bb4 10. O-O Bxc3 11. Bxc3 Qxd5 12. Qxd5 exd5 13. Rad1 O-O 14.
Rxd5 b6 15. Rfd1 Ba6 16. Nd2 Be2 17. Rc1 Bg4 18. Bb4 Re8 19. Ne4 Na6 20. Bd6
Rac8 21. Rxc8 Rxc8 22. h3 Bf5 23. Ng3 Be6 24. Rd2 Rc1+ 25. Kh2 Rc4 26. Rb2 h6
27. Ne2 Nc5 28. Bb8 Na4 29. Rd2 a6 30. f4 Nc5 31. g4 Ne4 32. Rb2 g6 33. Ng3 b5
34. f5 Bd5 35. fxg6 fxg6 36. Nxe4 Rxe4 37. Bd6 h5 38. gxh5 gxh5 39. Rg2+ Kh7
40. a3 Re1 41. Rg5 Kh6 42. h4 Rh1+ 43. Kg3 Rg1+ 44. Kf4 Rxg5 45. hxg5+ Kg6 46.
Be7 Be6 47. Bb4 h4 0-1

[Event "5. Griesheimer Schachtage 2009"]
[Site "Griesheim"]
[Date "2009.05.17"]
[Round "5.10"]
[White "Hornung, Thomas"]
[Black "Leiter, Thomas"]
[Result "0-1"]
[WhiteElo "2070"]
[BlackElo "2054"]
[PlyCount "129"]

1. d4 Nf6 2. c4 e6 3. Nf3 b6 4. e3 d5 5. cxd5 exd5 6. Nc3
Be7 7. Bd3 O-O 8. O-O c5 9. dxc5 bxc5 10. h3 Bb7 11. b3 Nc6 12. Bb2 Rc8 13. Rc1
Qd7 14. Bb1 Rfd8 15. Qe2 Nb4 16. Rfd1 Ba6 17. Qd2 Qb7 18. Qe1 c4 19. Nd4 Nd3
20. Bxd3 cxd3 21. f3 g6 22. a3 Bd6 23. b4 Bc4 24. g4 Qe7 25. Qf2 Re8 26. Re1 a6
27. Rcd1 h5 28. g5 Nh7 29. h4 Nf8 30. Rd2 Qc7 31. Kg2 Ne6 32. Nxe6 Rxe6 33. Rc1
Qd7 34. Nd1 Rce8 35. Bd4 Be5 36. Bxe5 Rxe5 37. Qg3 Qe6 38. Qf4 Rf8 39. Qg3 Kg7
40. Rb1 Re8 41. Qf4 Rf8 42. Qg3 f6 43. gxf6+ Qxf6 44. f4 Re7 45. Kh2 Rfe8 46.
Rc1 Re4 47. Rf2 R8e7 48. Qg5 Qe6 49. Rg2 Rf7 50. Qxh5 Bb3 51. Rc8 Rf8 52. Rxf8
Kxf8 53. Rxg6 Bxd1 54. Qh8+ Ke7 55. Rxe6+ Kxe6 56. Qh6+ Kd7 57. Qg7+ Kd6 58. h5
Bc2 59. Qc3 d4 60. exd4 Re2+ 61. Kg3 Bb1 62. Qc1 d2 63. Qd1 Re3+ 64. Kh4 Rd3
65. f5 {ZUE} 0-1

[Event "5. Griesheimer Schachtage 2009"]
[Site "Griesheim"]
[Date "2009.05.17"]
[Round "5.11"]
[White "Berger, Stefan"]
[Black "Storkebaum, Ulrike"]
[Result "1-0"]
[WhiteElo "2045"]
[BlackElo "1878"]
[PlyCount "141"]

1. d4 Nf6 2. Nf3 g6 3. Bf4 d6 4. e3 Bg7 5. h3 O-O 6. Be2 b6 7. O-O Bb7 8. c4
Nbd7 9. Nc3 Ne4 10. Qc2 Nxc3 11. bxc3 Nf6 12. Nd2 c5 13. d5 b5 14. e4 bxc4 15.
Nxc4 Nd7 16. Rab1 Ba6 17. Qa4 Bxc4 18. Qxc4 Nb6 19. Qd3 Qd7 20. c4 Na4 21. Bd2
h5 22. f4 Nb2 23. Qa3 Na4 24. Bd1 Nb6 25. Qd3 Bd4+ 26. Kh1 f5 27. Qg3 Kh7 28.
exf5 Qxf5 29. Rc1 Qf6 30. Be2 Rg8 31. Bd3 Qg7 32. Rce1 Kh8 33. Re6 Bf6 34. Qf3
Nd7 35. g4 Nf8 36. Re2 h4 37. g5 Bd4 38. Qg4 Qh7 39. Rfe1 Rg7 40. Rb1 Qh5 41.
Qg2 e6 42. Ree1 e5 43. Be2 Qh7 44. Bg4 Nd7 45. Qe4 Nb6 46. Qd3 Rf8 47. fxe5
Bxe5 48. Bc3 Re7 49. Bxe5+ Rxe5 50. Rxe5 dxe5 51. Re1 Qg7 52. Qe4 Rf4 53. Qxe5
Qxe5 54. Rxe5 Nxc4 55. Re8+ Kg7 56. Re7+ Rf7 57. Re6 Rf1+ 58. Kg2 Rb1 59. d6
Rb2+ 60. Kg1 Nxd6 61. Rxd6 Rxa2 62. Rd7+ Kf8 63. Rc7 Ra5 64. Kg2 Ra2+ 65. Kf3
Ra5 66. Ke3 Ra3+ 67. Ke4 Ra5 68. Kd5 c4+ 69. Kxc4 Rxg5 70. Rxa7 Re5 71. Rh7 {
ZUE} 1-0

[Event "5. Griesheimer Schachtage 2009"]
[Site "Griesheim"]
[Date "2009.05.17"]
[Round "5.12"]
[White "Trierweiler, Joachim"]
[Black "Lenhardt, Manfred"]
[Result "0-1"]
[WhiteElo "1872"]
[BlackElo "2040"]
[PlyCount "78"]

1. Nf3 d5 2. c4 e6 3. g3 Nf6 4. Bg2 Be7 5. O-O O-O 6. cxd5 exd5 7. d3 c6 8. a3
a5 9. Be3 h6 10. Qc2 Be6 11. Nc3 Nbd7 12. Nd4 c5 13. Nxe6 fxe6 14. Bd2 Ne5 15.
Nb5 Qd7 16. a4 Nc6 17. Rfd1 Kh8 18. e4 e5 19. Be3 b6 20. f3 Rad8 21. Qd2 Kh7
22. g4 dxe4 23. dxe4 Nd4 24. Bxd4 cxd4 25. Rac1 Rc8 26. Qd3 Rxc1 27. Rxc1 Rc8
28. Qf1 Bc5 29. Kh1 Ne8 30. g5 Qe7 31. Bh3 Rc6 32. g6+ Kxg6 33. Qc4 Kh7 34. Qd5
Rf6 35. Rg1 g6 36. Bf5 Ng7 37. Bg4 h5 38. Bh3 Rxf3 39. Rxg6 Kxg6 0-1

[Event "5. Griesheimer Schachtage 2009"]
[Site "Griesheim"]
[Date "2009.05.17"]
[Round "5.13"]
[White "Freund, Karlheinz"]
[Black "Behm, Willi"]
[Result "0-1"]
[WhiteElo "2039"]
[BlackElo "1869"]
[PlyCount "56"]

1. d4 d5 2. Nc3 Nf6 3. Bg5 Bf5 4. f3 Bg6 5. e3 e6 6. Bd3 Bxd3 7. Qxd3 c6 8.
Nge2 Be7 9. O-O Nbd7 10. e4 h6 11. Bxf6 Bxf6 12. e5 Be7 13. Nd1 Qb6 14. c3 Nxe5
15. Qc2 Nd7 16. f4 Bf6 17. Kh1 c5 18. f5 e5 19. dxe5 Nxe5 20. Nf4 Rd8 21. Ne3
Qc6 22. Rad1 d4 23. cxd4 cxd4 24. Qxc6+ bxc6 25. Nc2 c5 26. Rfe1 O-O 27. Nh5
Ng4 28. Kg1 Bg5 0-1

[Event "5. Griesheimer Schachtage 2009"]
[Site "Griesheim"]
[Date "2009.05.17"]
[Round "5.14"]
[White "Hahn, Florian"]
[Black "Dankesreiter, Arne"]
[Result "1-0"]
[WhiteElo "1688"]
[BlackElo "2017"]
[PlyCount "32"]

1. c4 e5 2. g3 Nf6 3. Bg2 Nc6 4. Nc3 Bb4 5. Nd5 O-O 6. a3 Be7 7. Nxe7+ Qxe7 8.
d3 e4 9. dxe4 Nxe4 10. e3 Re8 11. Ne2 Na5 12. Qc2 d5 13. cxd5 Bf5 14. Nd4 Bg6
15. Qa4 Rad8 16. Qxa5 Rxd5 1-0

[Event "5. Griesheimer Schachtage 2009"]
[Site "Griesheim"]
[Date "2009.05.17"]
[Round "5.15"]
[White "Hummel, Dennis"]
[Black "Fuehrer, Michael"]
[Result "1-0"]
[WhiteElo "2003"]
[BlackElo "1787"]
[PlyCount "83"]

1. e4 e5 2. Nf3 Nc6 3. Bb5 a6 4. Ba4 Nf6 5. O-O Nxe4 6. Re1 Nc5 7. Bxc6 dxc6 8.
Nxe5 Be7 9. Nc3 O-O 10. d3 Bf6 11. Bf4 Bf5 12. Qd2 Ne6 13. Bg3 Bg5 14. Qd1 Nd4
15. Ne4 Be7 16. c3 Ne6 17. Qf3 Bg6 18. Nxg6 fxg6 19. Qg4 Ng5 20. Nxg5 Bxg5 21.
Bxc7 Qxc7 22. Qxg5 Rf5 23. Qe7 Qb6 24. Re2 Raf8 25. Qe6+ Kh8 26. d4 Qd8 27.
Rae1 Qh4 28. f3 Rh5 29. Qd6 Rhf5 30. Re8 Kg8 31. Qe6+ Kh8 32. Qxf5 Qxe1+ 33.
Rxe1 gxf5 34. Re7 Rb8 35. Rf7 g6 36. Rc7 a5 37. Kf2 a4 38. Ke3 Re8+ 39. Kd2 Rb8
40. c4 b5 41. c5 b4 42. Rxc6 1-0